000 00830nam a2200265Ia 4500
003 OSt
005 20221006160042.0
006 a|||||r|||| 00| 0
007 ta
008 221006b |||||||| |||| 00| 0 eng d
020 _a9788991913080
024 _a44,153
037 _bGift, Korean Embassy (Window of Korea)
_cTextual
040 _aEASL
_cEASL
_beng
041 _2eng
_aeng
082 _aV495:19(zQ)p1,P05, P6
100 _aKim Uchang
_9671675
245 0 _aWriting for peace
_bproceedings of the 2nd seoul international forum for literature 2005
260 _aSeoul
_bSeoul Selection Korea
_c2006
300 _a645p.
_ccm.
490 _v KEL
650 _aKEL
942 _hV495:19(zQ)p1,P05, P6
_cTEXL
_2CC
999 _c1112245
_d1112245